Statistical Methods : (Record no. 356116)
[ view plain ]
| 000 -LEADER | |
|---|---|
| fixed length control field | 00381nam a2200133Ia 4500 |
| 008 - FIXED-LENGTH DATA ELEMENTS--GENERAL INFORMATION | |
| fixed length control field | 180309s9999 xx 000 0 und d |
| 100 ## - MAIN ENTRY--PERSONAL NAME | |
| Personal name | Arkin, Herbert |
| 245 ## - TITLE STATEMENT | |
| Statement of responsibility, etc | Colton, Raymond A. |
| Title | Statistical Methods : |
| 250 ## - EDITION STATEMENT | |
| Edition statement | 4th ed |
| 260 ## - PUBLICATION, DISTRIBUTION, ETC. (IMPRINT) | |
| Place of publication, distribution, etc | Caloocan City : |
| Name of publisher, distributor, etc | 1971 |
| Date of publication, distribution, etc | National Bookstore |
| 300 ## - PHYSICAL DESCRIPTION | |
| Extent | v, 223 pages |
| 500 ## - GENERAL NOTE | |
| General note | Includes appendix and index |
| 650 ## - SUBJECT ADDED ENTRY--TOPICAL TERM | |
| Topical term or geographic name as entry element | Statistics. |
| Withdrawn status | Lost status | Source of classification or shelving scheme | Damaged status | Home library | Current library | Shelving location | Date acquired | Source of acquisition | Total Checkouts | Full call number | Barcode | Date last seen | Date checked out | Price effective from | Koha item type |
|---|---|---|---|---|---|---|---|---|---|---|---|---|---|---|---|
| Library of Congress Classification | Archives | Archives | 03/13/2018 | Donation | 1 | HA 29 .Ar721 1971 | C21349 | 05/15/2018 | 03/22/2018 | 03/13/2018 | Books |